Новые электроды на основе восстановленного лазером оксида графена для вольтамперометрического определения карбаматных пестицидов в продуктах питания: диссертация на соискание учёной степени кандидата химических наук; спец. 1.4.2
| 第一著者: | |
|---|---|
| 団体著者: | |
| その他の著者: | |
| 要約: | Заглавие с титульного экрана Электронная версия печатной публикации Защита сост. 24.06.2024 На правах рукописи Текстовый файл |
| 言語: | ロシア語 |
| 出版事項: |
Томск, 2024
|
| 主題: | |
| オンライン・アクセス: | https://earchive.tpu.ru/handle/11683/78135 |
| フォーマット: | 電子媒体 図書 |
| KOHA link: | https://koha.lib.tpu.ru/cgi-bin/koha/opac-detail.pl?biblionumber=672469 |
MARC
| LEADER | 00000nam0a2200000 4500 | ||
|---|---|---|---|
| 001 | 672469 | ||
| 005 | 20240516165102.0 | ||
| 090 | |a 672469 | ||
| 100 | |a 20240513d2024 k||y0rusy50 ca | ||
| 101 | 0 | |a rus | |
| 102 | |a RU | ||
| 105 | |a a m 001yy | ||
| 135 | |a drcn ---uucaa | ||
| 181 | 0 | |a i |b e | |
| 182 | 0 | |a b | |
| 183 | 0 | |a cr |2 RDAcarrier | |
| 200 | 1 | |a Новые электроды на основе восстановленного лазером оксида графена для вольтамперометрического определения карбаматных пестицидов в продуктах питания |e диссертация на соискание учёной степени кандидата химических наук |e спец. 1.4.2 |f М. Сакиб |g Национальный исследовательский Томский политехнический университет ; науч. рук. Е. В. Дорожко | |
| 203 | |a Текст |c электронный |b визуальный | ||
| 210 | 1 | |a Томск |d 2024 | |
| 215 | |a 1 файл (4 083 КБ, 144 с.) |c pdf | ||
| 283 | |2 RDAcarrier |a online_resource | ||
| 300 | |a Заглавие с титульного экрана | ||
| 300 | |a Электронная версия печатной публикации | ||
| 300 | |a Защита сост. 24.06.2024 | ||
| 320 | |a Основные публикации по теме диссертации: с. 103-119 (145 назв.) | ||
| 333 | |a На правах рукописи | ||
| 336 | |a Текстовый файл | ||
| 606 | |a Электроды |x Химия |9 84988 | ||
| 610 | 1 | |a электронный ресурс | |
| 610 | 1 | |a диссертации | |
| 610 | 1 | |a труды учёных ТПУ | |
| 610 | 1 | |a пестициды | |
| 610 | 1 | |a карбаматные пестициды | |
| 610 | 1 | |a продукты питания | |
| 610 | 1 | |a экологическая безопасность | |
| 610 | 1 | |a методы обнаружения | |
| 610 | 1 | |a чувствительные методики | |
| 610 | 1 | |a электрохимические методы | |
| 610 | 1 | |a вольтамперометрические методы | |
| 610 | 1 | |a электродные материалы | |
| 610 | 1 | |a электроды | |
| 610 | 1 | |a свойства | |
| 610 | 1 | |a физико-химические методы | |
| 610 | 1 | |a лазерное восстановление | |
| 610 | 1 | |a оксид графена | |
| 610 | 1 | |a субстратная подложка | |
| 610 | 1 | |a полиэтилентерефталат | |
| 610 | 1 | |a электрохимические свойства | |
| 610 | 1 | |a карбарил | |
| 610 | 1 | |a карбосульфан | |
| 675 | |a 544.6.076.32(04) |v 4 | ||
| 686 | |2 oksvnk |a 02.00.02 | ||
| 700 | 1 | |a Сакиб |b М. |c химик, специалист в области электроэнергетики |c инженер-исследователь Томского политехнического университета |f 1991- |g Мухаммад |9 22016 | |
| 702 | 1 | |a Дорожко |b Е. В. |c химик |c инженер Томского политехнического университета |f 1979- |g Елена Владимировна |9 12658 |4 695 | |
| 712 | 0 | 2 | |a Национальный исследовательский Томский политехнический университет |c (2009- ) |9 26305 |4 070 |
| 801 | 0 | |a RU |b 63413507 |c 20240513 |g RCR | |
| 850 | |a 63413507 | ||
| 856 | 4 | |u https://earchive.tpu.ru/handle/11683/78135 |z https://earchive.tpu.ru/handle/11683/78135 | |
| 942 | |c CF | ||